00869nam a22002537a 450000500170000000800410001702000150005808200140007310000440008724501300013126000400026130000270030133600100032833700140033833800120035249000310036450000830039550500450047865000120052365000120053565000110054765000190055870000380057720231102151237.0120717t2005 ag ||||| |||| 00| 0 spa d a9974578558 4a364bG19c1 aGarófalo, Raffaele b1851-1934eautor13aLa criminologíab: estudio sobre el delito y la teoria de la represiónc / Raffaele Garófalo ; tr. Pedro Dorado Montero 3aBuenos Airesb: B de F Ltdac, 2005 axxxviii, 346 páginas atexto asin medio avolumen aMemoria criminológicav2 aTraducción de : Criminologia:studio sul delito sullo teoria della represione aEl delito El delincuente La represión14aCRIMEN 14aCASTIGO14aDELITO24aCRIMINOLOGÍA1 aDorado Montero, Pedro etraductor